Differenzierte Integration im Gemeinschaftsprivatrecht.
Saved in:
| Main Authors: | , |
|---|---|
| Format: | Book |
| Published: |
München, Deutschland:
European Law Publishers,
2007.
|
| Series: | Schriften zum Gemeinschaftsprivatrecht., GPR Grundlagen.
|
| Subjects: | |
| Tags: |
Add Tag
No Tags, Be the first to tag this record!
|
MARC
| LEADER | 00000nam a22000007a 4500 | ||
|---|---|---|---|
| 003 | CL-VaPUC | ||
| 005 | 20220822114855.0 | ||
| 008 | 220810t2007 ||||| |||| 00| 0 eng d | ||
| 999 | |c 438240 |d 438238 | ||
| 020 | |a 978-86653-025-6 | ||
| 040 | |c Pontificia Universidad Católica de Valparaíso | ||
| 082 | 7 | |a 346.24 JUN 2007 |2 22 | |
| 100 | 1 | |a Jung, Peter |e author |9 875327 | |
| 245 | |a Differenzierte Integration im Gemeinschaftsprivatrecht. | ||
| 260 | |a München, Deutschland: |b European Law Publishers, |c 2007. | ||
| 300 | |a 292 páginas. | ||
| 490 | |a Schriften zum Gemeinschaftsprivatrecht., GPR Grundlagen. | ||
| 500 | |a c.1 Donación Familia Prof. Alejandro Guzmán Brito. | ||
| 583 | |c 20220810 |k Cristina María Rojas Aguilar | ||
| 610 | |a Unión Europea |x Derecho privado |9 875328 | ||
| 650 | |a Derecho civil |x Unión Europea |9 875329 | ||
| 700 | |a Baldus, Christian |e author |9 875330 | ||
| 942 | |2 ddc |c BK |n 0 | ||
| 952 | |0 0 |1 0 |2 ddc |4 0 |6 346_240000000000000_JUN_2007 |7 1 |8 C_AGB |9 586120 |a BIBDER |b BIBDER |d 2022-08-10 |e Donación |i 5654065 |o 346.24 JUN 2007 |p 5654065 |r 2023-01-25 |t 1 |w 2022-08-10 |y BK_US |k AGB | ||